Bệnh hại lúa
Na minha lista:
| Autor principal: | |
|---|---|
| Formato: | Livro |
| Idioma: | Undetermined |
| Publicado em: |
Hà Nội
Nông nghiệp
1983
|
| Assuntos: | |
| Tags: |
Adicionar Tag
Sem tags, seja o primeiro a adicionar uma tag!
|
| Thư viện lưu trữ: | Trung tâm Học liệu Trường Đại học Cần Thơ |
|---|
| LEADER | 00506nam a2200181Ia 4500 | ||
|---|---|---|---|
| 001 | CTU_12918 | ||
| 008 | 210402s9999 xx 000 0 und d | ||
| 082 | |a 633.189 | ||
| 082 | |b O.13 | ||
| 100 | |a S H Ou | ||
| 245 | 0 | |a Bệnh hại lúa | |
| 245 | 0 | |c S H Ou, Hà Minh Trung | |
| 260 | |a Hà Nội | ||
| 260 | |b Nông nghiệp | ||
| 260 | |c 1983 | ||
| 650 | |a rice - diseases and pests | ||
| 904 | |i Nguyễn Quang Điền, 961120 | ||
| 980 | |a Trung tâm Học liệu Trường Đại học Cần Thơ | ||